| 000 | 00456nab a2200145Ia 4500 | ||
|---|---|---|---|
| 003 | ES-SlBCS | ||
| 005 | 20210601131440.0 | ||
| 008 | 140529s1991 xxu||||| |||| 00| 0 fre d | ||
| 041 | _afre | ||
| 100 | 1 |
_aDixsaut, Monique _954221 |
|
| 245 | 0 | 0 |
_aOusia, eidos et idea dans le Phédon _c Monique Dixsaut |
| 600 | 0 | 4 |
_aPlatón-Fedón _9159034 |
| 773 | 0 |
_tRevue Philosophique de la France et de L'etranger _gvol. 181, 1991, págs. 479-500 _wRev1701 |
|
| 942 | _cAR | ||
| 999 |
_c563267 _d563267 |
||